| 000 | 00383nam a2200145 a 4500 | ||
|---|---|---|---|
| 005 | 20140513081056.0 | ||
| 008 | 070202s19uu xx 00 eng d | ||
| 050 |
_aVCD _bTe289 |
||
| 245 | _aTen commandments (The)/. | ||
| 260 | _bMagnavision. | ||
| 500 | _a3 discs set | ||
| 520 | _aA grand retelling of the epic story of moses | ||
| 650 | _aBible stories-movie. | ||
| 999 |
_c116499 _d116499 |
||